| 000 | 01153cam a2200229 4500 | ||
|---|---|---|---|
| 001 | ABS67826 | ||
| 008 | 040602n2004 000 0 eng u | ||
| 035 | _a(Sirsi) u126378 | ||
| 100 | _aQureshi, K. | ||
| 245 | 4 | _aThe CPR regime five years on | |
| 260 | _c2004 | ||
| 490 |
_aNew Law Journal _v154(7126) 30 April 2004, 644-645 (2) |
||
| 520 | _aFive years on from the implementation of the Civil Procedure Rules (CPR) discusses whether they have achieved their objectives. Covers approaches to forms of alternative dispute resolution, particularly mediation. Refers to statistics which show that the volume of claims has gone down by a huge amount and suggests some explanations for this including the fact that there has been a greater resort to pre-action negotiation leading to settlement. Considers other forms of alternative dispute resolution and the discussions about whether they should be compulsory. | ||
| 590 | _aABS | ||
| 590 | _aABS | ||
| 650 | _aCIVIL PROCEDURE RULES | ||
| 650 | _aLITIGATION | ||
| 650 | _aACCESS TO JUSTICE | ||
| 650 | _aALTERNATIVE DISPUTE RESOLUTION | ||
| 690 |
_aDISPUTE RESOLUTION _96236 |
||
| 942 | _n0 | ||
| 999 |
_c117448 _d117448 |
||